| 000 | 00436 a2200157 4500 | ||
|---|---|---|---|
| 020 | _a9788120723566 | ||
| 022 | _a8120723562 | ||
| 082 | _a338.47004 | ||
| 090 |
_c3501 _d3501 |
||
| 100 | _aYue,Chia Siow | ||
| 245 |
_aGrowth and Development of the IT Industry in Bangalore and Singapore _cChia Siow Yue |
||
| 260 |
_aNew Delhi _bSterling Publishers _c2001 |
||
| 300 | _a88p | ||
| 500 | _aHard cover | ||
| 942 |
_aNBS _cBK _k338.47004 GRO |
||
| 999 |
_c345977 _d345977 |
||